000 00889nam a2200265 i 4500
001 000032511
003 DO-SdBNP
005 20250925101038.0
007 ta
008 110718s1921 dr 000 0 spa d
040 _aDO-SdBNP
_bspa
_cBNPHU
_erda
041 _aspa
082 4 _a923.57293
_bL965h
_222
100 1 _aHenríquez, Federico Horacio,
_eautor
_qGugu Henríquez
_958448
_4aut.
245 1 0 _aLuperon :
_bsímbolo de libertad y de heroismo 1921-1949 /
_cFederico Horacio Henríquez.
264 1 _aSanto Domingo :
_beditor no identificado,
_c(1950)
300 _a48 páginas ;
_c23 cm.
336 _atexto
_btxt
_2rdacontent
337 _asin mediación
_bn
_2rdamedia
338 _avolumen
_bnc
_2rdacarrier
590 _aInventariado, 2025/BT
600 1 0 _aLuperón, Gregorio,
_d1839-1897
_9888
651 0 _aRepública Dominicana
_xHistoria
_z1844-1930
_978065
942 _2ddc
_cLF2
999 _c32002
_d32002